00807nam a22001817a 4500003000900000008004100009040007100050082001700121100002400138245006400162260004300226300002600269505022300295650002900518650002900547700001900576700003000595AR-CdUCM190320b ||||| |||| 00| 0 spa d aMUNICIPALIDAD PROVINCIAL DEL CUSCOcBIBLIOTECA MUNICIPAL DEL CUSCO a512.7 /bL22 aLambe, Cyril Gerard aEcuaciones diferenciales para ingenieros y científicos /  aMéxico ;bHispano Americana, c1964. a409 paginas ;c23 cm, aContenido :Ideas preliminares y métodos directos -- Ecuaciones diferenciales de primer orden -- Ecuaciones diferenciales lineales con coeficientes constantes -- Soluciones en serie y la ecuación hipergeometrica ... aEcuaciones diferenciales aEcuaciones matemáticas aTranter, C. J. aVazquez Briones, Héctor